Responses for show #980 - Friday, December 2, 1988

Contestants

Steve Burns, a psychologist from Culver City, California

Donna Levin, an attorney from Chicago, Illinois

Jack Lechner, a freelance writer originally from Arlington, Virginia (whose 2-day cash winnings total $12,201)

Jeopardy! Round responses

SCHOOL DAYS
THE 50 STATES
ACTORS & ROLES
HORSES
AUTHORS' FIRST NAMES
"FAST" OR "SLOW"
    $100 17
(Alex: Or blackboard even though they're green.)

chalkboard

Donna
    $100 15
Wisconsin

Jack
    $100 1
(Donna: Who is Yul Brynner?)

Telly Savalas

JackDonna
    $100 26
mane

Donna
    $100 5
William

Jack
    $100 11
fast-breaking

Jack
    $200 18
monitor

Steve
    $200 22
mottos

Jack
    $200 2
The Dead Pool

Jack
    $200 27
(Alex: And pacing of course they move on the same side.)

trot

Triple Stumper
    $200 7
Stephen

Jack
    $700 12
"Slow Hand"

Jack
    $300 19
videos

Jack
    $300 23
(Steve: What is California?)
...
(Alex: They destroyed the town of Sitka in the state of [*].)

Alaska

Steve
Triple Stumper
    $300 3
Anthony Quinn

Jack
    $300 28
buckskin

Triple Stumper
    $300 8
Charles

Jack
    $300 13
(Donna: That the tortoise is faster than the hare?)

slow and steady wins the race

JackDonna
    $400 20
National Merit Scholarship

Jack
    $400 24
(Alex: Yes, Cajun celebration.)

Louisiana

Jack
    $400 4
Simon & Simon

Steve
    $400 29
Arabian

Jack
    $400 9
John

Jack
    $400 14
colorfast

Steve
    $500 21
curriculum

Jack
    $500 25
Wyoming

Triple Stumper
    $500 6
Ron Perlman

Jack
    $500 30
thoroughbred

Donna
    $500 10
[Applause for Jack's run of the category]

Franz

Jack
    $500 16
to pull a fast one

Jack

Scores at the first commercial break (after clue 12):

Jack Donna Steve
$3,400 -$100 $400

Scores at the end of the Jeopardy! Round:

Jack Donna Steve
$6,500 $300 $700
The J! Archive is created by fans, for fans. The Jeopardy! game show and all elements thereof, including but not limited to copyright and trademark thereto, are the property of Jeopardy Productions, Inc. and are protected under law. This website is not affiliated with, sponsored by, or operated by Jeopardy Productions, Inc. Join the discussion at JBoard.tv.